| 000 | 00759nam a2200229Ia 4500 | ||
|---|---|---|---|
| 999 |
_c45735 _d45735 |
||
| 001 | 12562 | ||
| 003 | GE_BSU | ||
| 005 | 20230928164049.0 | ||
| 008 | 181216s2008fe xx |||||||||||||| ||fre|| | ||
| 040 | _cGE_BSU | ||
| 080 | _a811.133.1 A-44 | ||
| 100 |
_aDollez, Catherine. _917179 |
||
| 245 |
_aAlter Ego. _b Methode de Frangais. B2 : Guide pedagogique / _cCatherine Dollez, Ivana Vasilevi, Anne Berthed, Judith Humery, |
||
| 264 |
_aParis : _bHachette, _c2008. |
||
| 300 |
_a190 p.: _b29 cm. |
||
| 653 | _aAlter Ego. Methode de Frangais | ||
| 653 | _aფრანგული ენა : გრამატიკა | ||
| 700 |
_aVasilevi, Ivana. _919959 |
||
| 700 |
_aBerthed, Anne _919960 |
||
| 700 |
_aHumery, Judith _919953 |
||
| 942 |
_cBK _2udc |
||